Actividades educativas para preescolares : (Registro nro. 10233)

Detalles MARC
000 -LIDER
fixed length control field 00684nam a22002057a 4500
001 - NÚMERO DE CONTROL
Identificador de número de control 2541
003 - IDENTIFICACDOR DE NÚMERO DE CONTROL
control field DO-SdBNP
005 - DATE AND TIME OF LATEST TRANSACTION
control field 20180307114322.0
006 - DATOS DE LONGITUD FIJA / CARACTERÍSTICAS ADICIONALES MATERIAL CHARACTERISTICS
fixed length control field 2541
008 - ELEMENTOS DE LONGITUD FIJA
fixed length control field 160530b 1998 dr | |||| 00| 0 spa d
020 ## - ISBN
International Standard Book Number 0311110495
040 ## - FUENTE DE CATALOGACIÓN
Agencia que crea de manera original el registro BPMSU
Idioma de catalogación spa
Agencia que realiza la transcripción BPMSU
100 ## - ASIENTO PRINCIPAL -- NOMBRE PERSONAL
Nombre personal Patacsil, Priscila M.
245 ## - MENCIÓN DE TITULO
Título Actividades educativas para preescolares :
Subtítulo una antología de recursos para padres y maestros de niños de cuatro y cinco anos /
Mención de responsabilidad Priscila M. Patacsil
260 ## - PUBLICACIÓN, DISTRIBUCIÓN, ETC. (PIE DE IMPRENTA)
Lugar de publicación, distribución, etc El Paso, Tx :
Nombre del editor, distribuidor, etc. Editorial Mundo Hispano
Fecha de publicación, distribución, etc 1988
300 ## - DESCRIPCIÓN FÍSICA
Extensión 172 p. :
Otros detalles físicos Partitura :
Dimensiones 23 cm.
942 ## - ADDED ENTRY ELEMENTS (KOHA)
Source of classification or shelving scheme Dewey Decimal Classification
Koha item type Libros
945 ## - INFORMACIÓN DE PROCESAMIENTO LOCAL
Información de procesamiento local inventariado, 2018 / dg
956 ## - LOCAL ELECTRONIC LOCATION AND ACCESS (OCLC)
Nombre de host VMATEO
Número de acceso 10
Información de compresión 20160530
Trayectoria BPMSU
Nombre Electrónico 00069
Existencias
Withdrawn status Lost status Source of classification or shelving scheme Damaged status Not for loan Home library Current library Date acquired Source of acquisition Total Checkouts Barcode Date last seen Price effective from Koha item type
    Dewey Decimal Classification     Biblioteca Pública Metropolitana Salomé Ureña Biblioteca Pública Metropolitana Salomé Ureña 05/30/2016 Donación   BPMSU16050460 05/30/2016 05/30/2016 Libros